Detalles MARC
| 000 -LEADER |
| longitud fija campo de control |
02524Cam#a22005535a#4500 |
| 003 - IDENTIFICADOR DE NUMERO DE CONTROL |
| control del campo |
AR-RoUNA |
| 005 - FECHA DE LA ULTIMA MODIFICACION |
| control del campo |
20260408083845.0 |
| 008 - CAMPO DE CONTROL - LIBROS |
| longitud fija campo de control |
140529||||||||||||||||| |||| 0|||| d |
| 020 ## - INTERNATIONAL STANDARD BOOK NUMBER |
| ISBN |
487140336-X C-1352 |
| 040 ## - ORIGEN DE LA CATALOGACION |
| Agencia que cataloga la obra original |
AR-RoUNA |
| Idioma en que se cataloga |
spa |
| Entidad que modifico el registro |
AR-RoUNA |
| 041 ## - CODIGO DE IDIOMA |
| Codigo de idioma del texto / sonido o titulo separado |
eng |
| Codigo de idioma de la traduccion original y / o intermedios de texto |
jpn |
| 044 ## - CODIGO DE PAIS / ENTIDAD PRODUCTORA |
| Codigo MARC del pais |
ag |
| 080 ## - CDU |
| Numero de clasificacion |
728.3 |
| 092 ## - SIGNATURA TOPOGRAFICA |
| Libristica |
G111 |
| 100 1# - ASIENTO PRINCIPAL - NOMBRE PERSONAL |
| Nombre personal |
Futagawa, Yukio, |
| Fechas asociadas con el nombre |
1932- |
| Codigo de rol |
ed. |
| 9 (RLIN) |
7570 |
| 245 10 - TITULO PROPIAMENTE DICHO |
| Titulo |
GA Houses |
| Numero de la parte / seccion de una obra |
Nº40 |
| 246 ## - VARIANTE DE TITULO |
| Titulo propiamente dicho / titulo corto |
Global Architecture. |
| 260 ## - EDITORIAL - PUBLICACION, DISTRIBUCION, ETC. (Pie de imprenta) |
| Lugar de publicacion, distribucion, etc |
Tokio, Japón : |
| Nombre del editor, distribuidor, etc |
A.D.A. EDITA, |
| Fecha de publicacion |
nov- 1993. |
| 300 ## - DESCRIPCION FISICA |
| Extension |
157 p. : |
| Otros detalles fisicos |
fot. byn., |
| -- |
gráficos, |
| -- |
fot. col., |
| Dimensiones |
30x23 cm |
| 505 0# - NOTA DE CONTENIDO CON FORMATO |
| Título |
INDICE |
| 505 0# - NOTA DE CONTENIDO CON FORMATO |
| Título |
Robert McCarter / Frank Lloyd Wright 1. Ensayos sobre obras maestras residenciales. p. 11 |
| 505 0# - NOTA DE CONTENIDO CON FORMATO |
| Título |
Robert McCarter / Espacio plegado, lugar sin límites. Las casas de Frank Lloyd Wright, Parte 1: 1895-1915. p. 12<br/> |
| 505 0# - NOTA DE CONTENIDO CON FORMATO |
| Título |
Albert Frey / Casa Frey II, Palm Springs, California, 1963. p. 32 |
| 505 0# - NOTA DE CONTENIDO CON FORMATO |
| Título |
Mecanoo / Casa con Estudio, Kralingse Plaslaan, Rotterdam, Países Bajos, 1991. p. 45<br/> |
| 505 0# - NOTA DE CONTENIDO CON FORMATO |
| Título |
Robert Luchetti / Residencia Boulevard Sausalito, Sausalito, California. p. 58<br/> |
| 505 0# - NOTA DE CONTENIDO CON FORMATO |
| Título |
Fernaua y Hartman / Casa Von Stein, Sonoma Country, California, 1992. p. 67 |
| 505 0# - NOTA DE CONTENIDO CON FORMATO |
| Título |
Fernaua y Hartman / Casa Laybourne y Art Barn, Telluride, Colorado, 1993. p. 82 |
| 505 0# - NOTA DE CONTENIDO CON FORMATO |
| Título |
William Bruder / Residencia Theuer, Phoenix, Arizona, EE.UU, 1991. p. 94 |
| 505 0# - NOTA DE CONTENIDO CON FORMATO |
| Título |
Antoine Predock / Casa Winandy Desert Highland, Scottsdale, Arizoa. 1991. p. 100 |
| 505 0# - NOTA DE CONTENIDO CON FORMATO |
| Título |
Rob Wellington Quigley / Edificio Beaumont, San Diego, California, 1988. p. 112 |
| 505 0# - NOTA DE CONTENIDO CON FORMATO |
| Título |
Sottsass Associati / Casa Cei, Empoli, Italia, 1993. p. 121 |
| 505 0# - NOTA DE CONTENIDO CON FORMATO |
| Título |
Sottsass Associati / Casa Melewar, Tokio, Japón, 1993. p. 126 |
| 505 0# - NOTA DE CONTENIDO CON FORMATO |
| Título |
Waro Kishi / Casa en Nakagyo, Nakagyo-ku, Kyoto, japón, 1993. p. 132 |
| 505 0# - NOTA DE CONTENIDO CON FORMATO |
| Título |
Ken Yokogawa / Una casa en la colina, Yokohama, Kanagawa, Japón, 1993. p. 140 |
| 505 0# - NOTA DE CONTENIDO CON FORMATO |
| Título |
Krueck & Sexton / El apartamento de acero inoxidable, Chicago, Illinois, EE.UU, 1992. p. 149<br/><br/> |
| 600 #0 - MATERIA - NOMBRES PERSONALES |
| 9 (RLIN) |
6332 |
| Nombre personal |
Wright, Frank Lloyd, |
| Fechas asociadas con el nombre |
1867-1959. |
| 600 #0 - MATERIA - NOMBRES PERSONALES |
| 9 (RLIN) |
6697 |
| Nombre personal |
Predock, Antoine. |
| 600 #0 - MATERIA - NOMBRES PERSONALES |
| 9 (RLIN) |
12946 |
| Nombre personal |
Kishi, Waro. |
| 650 4# - MATERIA - TERMINO TEMATICO |
| Término temático general |
Arquitectura contemporánea |
| 650 4# - MATERIA - TERMINO TEMATICO |
| Término temático general |
Viviendas unifamiliares |
| 650 4# - MATERIA - TERMINO TEMATICO |
| Término temático general |
Viviendas residenciales |
| 651 #4 - MATERIA - NOMBRE GEOGRAFICO |
| Termino geografico |
Japón |
| 9 (RLIN) |
826 |
| 700 1# - ENTRADA SECUNDARIA - NOMBRES PERSONALES |
| Nombre personal |
Fujii, Wayne N.T |
| Función |
ed. |
| 9 (RLIN) |
10562 |
| 908 ## - SOPORTE |
| Soporte |
Imp |
| 930 ## - ACCESION |
| Numero de accesion (NR) |
12317 |
| 942 ## - FUENTE DE CLASIFICACION |
| Clasificacion |
Universal Decimal Classification |
| Tipo de item |
Libro |
| 945 ## - INFORMACION DE PROCESAMIENTO |
| Fecha de ingreso o modificacion |
2020-02-12 |
| 980 ## - DECLARACIÓN DE EQUIVALENCIA O SERIE DE REFERENCIA CRUZADA - NOMBRE / TÍTULO PERSONAL [LOCAL, CANADÁ] |
| Código del operador |
5 |
| Nombre del operador |
María Machado |
| Código del operador que modifico el registro |
5 |
| Nombre del operador que modifico el registro |
María Machado |